00752nam a22002057a 4500003000500000005001700005008004100022010001000063011001000073035001100083040000900094100002600103245013300129260004000262300004200302502010200344650004000446650002800486650003200514CHAP20220329143403.0090212s2008 mx a r 00010 spa d a95838 a96810 a107467 cCHAP1 aO Nava, Jessica de la10aCambio de uso de tierra agrícola ante la urbanización :bmunicipio de Texcoco, Estado de Méxicoc/por Jessica de la O Nava aChapingo, Méx. :bEl autor,c2008 avii, 61 h. :bilus., gráfs., tablas aTesis (Lic. en Economía Agrícola) -- UACH. División de Ciencias Económico Administrativas14aTierrasxTenenciazMéxico (Edo.).14aTierrasxUtilización.14aUrbanismozMéxico (Edo.).